| 000 | 00682nam a2200217 i 4500 | ||
|---|---|---|---|
| 001 | 110571 | ||
| 003 | ES-MaACL | ||
| 005 | 20240229063318.0 | ||
| 007 | t| | ||
| 008 | 070201s1930 sp ||||1| spa d | ||
| 080 | _a821.112.2(436)-31"19" | ||
| 100 | 0 |
_aRoth, Joseph, _d1894-1939 _999952 |
|
| 245 | 1 | 0 |
_aJob _b: (novela de un hombre sencillo) / _cJoseph Roth ; traducción del alemán por C. K. Koellen y I. Catalán. |
| 250 | _a1ª ed. | ||
| 260 |
_aMadrid : _bEdiciones Hoy, _c1930. |
||
| 300 |
_a236 p. ; _c19 cm. |
||
| 700 | 1 |
_aKoellen, C. K. _968438 |
|
| 700 | 1 |
_aCatalán, I. _937023 |
|
| 852 |
_aES-MaACL _jD-3518 _bR.138578 |
||
| 999 |
_c110571 _d110571 |
||